• 首页
  • 本馆介绍
  • 公告通知
  • 最新文献
  • 馆藏检索
  • 电子资源
  • 读者导购
  • 参考咨询
  • 我的图书馆
  • 登录
  • 详细信息显示
  • 放入我的书架
  • 预约/预借图书
  • 作者相关作品
  • 分类相关作品
  • 丛书相关作品
  • 出版社相关作品

书目信息

  • 表格格式
  • 工作单格式
  • 卡片格式
题名:
希拉里
    
 
作者: 哈伯 著 ;吴忠岫 译
分册:  
出版信息: 北京   中国友谊出版公司  2016
页数: 315页
开本: 24cm
丛书名:
单 册:
中图分类: K837.127=6 , K837.127
科图分类:
主题词: 政治家--传记--美国--现代
电子资源:
ISBN: 978-7-5057-3698-6
000 01587nam0 2200277 450
001 2337565447
005 20231216102621.13
010    @a978-7-5057-3698-6@dCNY48.00
100    @a20160525d2016 em y0chiy50 ea
101 1  @achi@ceng
102    @aCN@b110000
105    @ay z 000yb
200 1  @a希拉里@Axi la li@e为总统而生@d= Clinton, Inc.@ethe audacious rebuilding of a political machine@f(美) 丹尼尔·哈伯著@g吴忠岫译@zeng
210    @a北京@c中国友谊出版公司@d2016
215    @a315页@d24cm
330    @a2001年, 在莱温斯基丑闻和弹劾案的余波中, 希拉里和克林顿黯然离开白宫, 连他们的盟友都认为两人已经出局。但在此后的十几年中, 希拉里卷土重来, 纽约州议员、总统候选人、国务卿, 并开始高调参加2016年总统大选; 克林顿则以政治活动家的身份活跃在政坛。在这些年中, 希拉里? 克林顿已经成为美国政坛中举足轻重的力量, 并很有可能成为美国历史上第一位入主白宫的前第一夫人, 这一切都是如何实现的? 希拉里通过多少艰苦卓绝的奋斗才实现了政坛逆袭? 用了哪些方法才走出丑闻的泥沼? 希拉里如何把曾经的敌人转化为盟友? 希拉里? 克林顿能否成为美国首位女总统? 本书通过详实的调查、采访, 为读者揭开希拉里? 克林顿成功背后的秘密, 以及美国政坛上真实的“纸牌屋”故事。
500 10 @aClinton, Inc. : the audacious rebuilding of a political machine@mChinese
517 1  @a为总统而生@Awei zong tong er sheng
600  1 @a克林顿@g(Clinton, William Jefferson),@f1947-@x传记
606 0  @a政治家@x传记@y美国@z现代
690    @aK837.127=6@v5
690    @aK837.127@v4
701  1 @a哈伯@Aha bo@g(Halper, Daniel)@4著
702  0 @a吴忠岫@Awu zhong xiu@4译
801  0 @aCN@b湖北三新@c20160525
905    @aZUCC@dK837.127@e130
    
    希拉里:为总统而生= Clinton, Inc.:the audacious rebuilding of a political machine/(美) 丹尼尔·哈伯著/吴忠岫译.-北京:中国友谊出版公司,2016
    315页;24cm
    
    
    ISBN 978-7-5057-3698-6:CNY48.00
    2001年, 在莱温斯基丑闻和弹劾案的余波中, 希拉里和克林顿黯然离开白宫, 连他们的盟友都认为两人已经出局。但在此后的十几年中, 希拉里卷土重来, 纽约州议员、总统候选人、国务卿, 并开始高调参加2016年总统大选; 克林顿则以政治活动家的身份活跃在政坛。在这些年中, 希拉里? 克林顿已经成为美国政坛中举足轻重的力量, 并很有可能成为美国历史上第一位入主白宫的前第一夫人, 这一切都是如何实现的? 希拉里通过多少艰苦卓绝的奋斗才实现了政坛逆袭? 用了哪些方法才走出丑闻的泥沼? 希拉里如何把曾经的敌人转化为盟友? 希拉里? 克林顿能否成为美国首位女总统? 本书通过详实的调查、采访, 为读者揭开希拉里? 克林顿成功背后的秘密, 以及美国政坛上真实的“纸牌屋”故事。
●
相关链接 在五车中查询图书 在当当中查询图书 在豆瓣中查询图书


正题名:希拉里     索取号:K837.127/130         预约/预借

序号 登录号 条形码 馆藏地/架位号 状态 备注
1 2001665042   2001665042   209书库/ [索取号:K837.127/130] 在馆    
2 2001665043   2001665043   209书库/ [索取号:K837.127/130] 在馆    
3 2001665044   2001665044   209书库/ [索取号:K837.127/130] 在馆    
4 2001665045   2001665045   209书库/ [索取号:K837.127/130] 在馆    
5 2001665046   2001665046   209书库/ [索取号:K837.127/130] 在馆    
6 2001665047   2001665047   209书库/ [索取号:K837.127/130] 在馆    
7 2001665048   2001665048   209书库/ [索取号:K837.127/130] 在馆    
8 2001665049   2001665049   209书库/ [索取号:K837.127/130] 在馆    
9 2001665050   2001665050   209书库/ [索取号:K837.127/130] 在馆    
10 2001665051   2001665051   209书库/ [索取号:K837.127/130] 在馆    
11 2001665052   2001665052   209书库/ [索取号:K837.127/130] 在馆    
12 2001665053   2001665053   209书库/ [索取号:K837.127/130] 在馆    
13 2001665054   2001665054   209书库/ [索取号:K837.127/130] 在馆    
14 2001665055   2001665055   209书库/ [索取号:K837.127/130] 在馆    
15 2001665056   2001665056   209书库/ [索取号:K837.127/130] 在馆    
16 2001665057   2001665057   209书库/ [索取号:K837.127/130] 在馆    
17 2001665058   2001665058   209书库/ [索取号:K837.127/130] 在馆    
18 2001665059   2001665059   209书库/ [索取号:K837.127/130] 在馆    
19 2001665060   2001665060   315书库/ [索取号:K837.127/130] 在馆    
20 2001665061   2001665061   315书库/ [索取号:K837.127/130] 在馆    
21 2001665062   2001665062   315书库/ [索取号:K837.127/130] 在馆    
22 2001665063   2001665063   315书库/ [索取号:K837.127/130] 在馆    
23 2001665064   2001665064   315书库/ [索取号:K837.127/130] 在馆    
24 2001665065   2001665065   315书库/ [索取号:K837.127/130] 在馆    
25 2001665066   2001665066   209书库/ [索取号:K837.127/130] 在馆    
26 2001665067   2001665067   209书库/ [索取号:K837.127/130] 在馆    
27 2001665068   2001665068   209书库/ [索取号:K837.127/130] 在馆    
28 2001665069   2001665069   209书库/ [索取号:K837.127/130] 在馆    
29 2001665070   2001665070   209书库/ [索取号:K837.127/130] 在馆    
30 2001665071   2001665071   209书库/ [索取号:K837.127/130] 在馆    
山东省滨州职业学院图书馆 欢迎您!
大连网信软件有限公司© 版权所有